[Event "North American op 18th"]
[Site "Las Vegas"]
[Date "2008.12.28"]
[Round "5"]
[White "Adelberg, David"]
[Black "Le, Cau Duong"]
[Result "0-1"]
[WhiteElo "2031"]
[BlackElo "2082"]
[PlyCount "68"]
[EventDate "2008.12.26"]
[EventType "swiss"]
[EventRounds "7"]
[EventCountry "USA"]
[SourceTitle "CBM 127 Extra"]
[Source "ChessBase"]
[SourceDate "2009.01.08"]
[SourceVersion "2"]
[SourceVersionDate "2009.01.28"]
[SourceQuality "1"]

1. d4 d5 2. c4 c6 3. Nf3 Nf6 4. Nc3 a6 5. c5 Bf5 6. Qb3 Ra7 7. Bf4 Nbd7 8. h3 e6 9. e3 Be7 10. Be2 Ne4 11. 0-0 g5 12. Bh2 g4 13. hxg4 Bxg4 14. Qc2 f5 15. Ne5 Bxe2 16. Qxe2 0-0 17. f3 Ng5 18. Nd3 Bf6 19. Bd6 Rf7 20. b4 Rg7 21. f4 Nf7 22. Be5 Nh6 23. Ne1 Ra8 24. Nf3 Ng4 25. Nd1 Ndxe5 26. fxe5 Bh4 27. Qd2 Kh8 28. Rb1 Qe7 29. Rb3 Rag8 30. Rd3 Rg6 31. Nc3 Rh6 32. Ne2 Qe8 33. a4 Qh5 34. Nf4 Bf2+ 0-1

[Event "North American op 18th"]
[Site "Las Vegas"]
[Date "2008.12.27"]
[Round "3"]
[White "Adelberg, David"]
[Black "Rubsamen, Cornelius"]
[Result "1/2-1/2"]
[WhiteElo "2031"]
[BlackElo "2225"]
[PlyCount "43"]
[EventDate "2008.12.26"]
[EventType "swiss"]
[EventRounds "7"]
[EventCountry "USA"]
[SourceTitle "CBM 127 Extra"]
[Source "ChessBase"]
[SourceDate "2009.01.08"]
[SourceVersion "2"]
[SourceVersionDate "2009.01.28"]
[SourceQuality "1"]

1. d4 e6 2. c4 d5 3. Nc3 Be7 4. Nf3 Nf6 5. Bg5 h6 6. Bh4 0-0 7. e3 b6 8. Rc1 Bb7 9. Be2 dxc4 10. Bxc4 Nbd7 11. 0-0 c5 12. Qe2 Ne4 13. Nxe4 Bxe4 14. Bg3 Bxf3 15. Qxf3 cxd4 16. exd4 Nf6 17. Rfd1 Rc8 18. Qb7 Qd7 19. Qxd7 Nxd7 20. Ba6 Rxc1 21. Rxc1 Bf6 22. Bd6 1/2-1/2